| 000 | 00620cam a22002293a 4500 | ||
|---|---|---|---|
| 001 | 19395 | ||
| 003 | PGUSA | ||
| 005 | 20140828083418.0 | ||
| 008 | 060928s2006||||xxu|||||s|||||000 | eng d | ||
| 040 |
_aPGUSA _beng |
||
| 042 | _adc | ||
| 050 | 4 | _aQB | |
| 100 | 1 |
_aHale, George Ellery, _d1868-1938 |
|
| 245 | 1 | 4 |
_aThe New Heavens _h[electronic resource] / _cGeorge Ellery Hale |
| 260 |
_bProject Gutenberg, _c2006 |
||
| 506 | _aPublic domain in the USA. | ||
| 516 | _aElectronic text | ||
| 653 | _aAstronomy | ||
| 830 | 0 |
_aProject Gutenberg _v19395 |
|
| 856 | 4 | 0 | _uhttp://www.gutenberg.org/ebooks/19395 |
| 942 | _cEB | ||
| 999 |
_c248650 _d248650 |
||